| 000 | 00808cab a2200265 4500 | ||
|---|---|---|---|
| 001 | X1450 | ||
| 008 | 090401t1994 xxu||||| |||| 00| 0 eng d | ||
| 035 | _a(Sirsi) u17184 | ||
| 041 | _aeng | ||
| 245 | _aMembers` affairs: quantity surveying | ||
| 260 | _c1994 | ||
| 350 | _a0 | ||
| 490 |
_aCSM (Chartered Surveyor Monthly) _v3(7) April 1994, 53-55(3) |
||
| 650 | _aASSESSORS REPORTS | ||
| 650 | _aJDC | ||
| 650 | _aJOINT DOCUMENTATION BOARD | ||
| 650 | _aMEMBERS AFFAIRS | ||
| 650 |
_aPLANNING AND DEVELOPMENT _96259 |
||
| 650 | _aPUBLICATIONS | ||
| 650 | _aBUILT ENVIRONMENT-QUANTITY SURVEYING-STANDARD METHOD OF MEASUREMENT FOR INDUSTRIAL ENGINEERING CONSTRUCTION | ||
| 650 | _aTPC | ||
| 690 | _aMANAGEMENT-BUSINESS MANAGEMENT-PROFESSIONAL PRACTICE | ||
| 942 | _n0 | ||
| 948 | _c04/03/1997 | ||
| 999 |
_c11395 _d11395 |
||